| 000 | 00786nam a2200229 a 4500 | ||
|---|---|---|---|
| 001 | 000013320 | ||
| 005 | 20260303133933.0 | ||
| 008 | 091123s1988 dr a 000 h spa d | ||
| 040 |
_aDO-SdBNP _bspa _cBNPHU |
||
| 082 |
_aRD867.44 _bP438b |
||
| 100 | 1 |
_aPérez, Mario Emilio, _d1935- _922183 |
|
| 245 | 1 | 0 |
_aBrincando por la vida / _cMario Emilio Pérez ; ilustración Milito Peralta. |
| 260 |
_aSanto Domingo : _bTaller, _c1988. |
||
| 300 |
_a136 p. : _bil. ; _c20 cm. |
||
| 650 | 0 |
_aHumorismo dominicano _9275 |
|
| 650 | 4 |
_aRepública dominicana _xAnécdotas, chistes, sátiras, etc. _930512 |
|
| 650 | 4 |
_aSátira dominicana _922186 |
|
| 650 | 0 |
_aLiteratura dominicana. _967 |
|
| 700 | 1 |
_aPeralta, Milito, _eil. _930513 |
|
| 910 | _aValidado. Control de calidad BNPHU | ||
| 049 | _aBNPD | ||
| 999 |
_c12950 _d12950 |
||